000 00559nam a2200181Ia 4500
005 20250508153246.0
008 008 250505s9999 xx 000 0 eng d
037 _aTextual
040 _aFEDL
_beng
_cFEDL
041 _aeng
_2eng
084 _a153.35, BAR
_qFEDL
100 _aBarron Frank
245 0 _aCreativity and psychological health : Origins of personal vitality and creative freedom
260 _aNew York, USA
_bD. Van Nostrand Company
_c1963
300 _avii,287p.
942 _cTEXL
_h153.35, BAR
999 _c1341574
_d1341574